书目信息 |
| 题名: |
济北晁先生鸡肋集
|
|
| 作者: | 济北晃 著 | |
| 分册: | 二 | |
| 出版信息: | 不详 不详 不详 |
|
| 页数: | 198页 | |
| 开本: | 20cm | |
| 丛书名: | ||
| 单 册: | ||
| 中图分类: | I214.412 | |
| 科图分类: | ||
| 主题词: | 文学--作品集--中国 | |
| 电子资源: | ||
| ISBN: | ||
| 000 | 00510nam0 2200181 450 | |
| 001 | 0640159249 | |
| 005 | 20060720111334.79 | |
| 010 | @d不详 | |
| 100 | @a20060720d km y0chiy0120 ea | |
| 101 | 0 | @achi |
| 200 | 1 | @a济北晁先生鸡肋集@Aji bei chao xian sheng ji lei ji@h二@f济北晃著@Fji bei huang zhu |
| 210 | @a不详@c不详@d不详 | |
| 215 | @a198页@d20cm | |
| 606 | 0 | @a文学@x作品集@x中国 |
| 690 | @aI214.412@v3 | |
| 701 | 0 | @a济北晃@Aji bei huang@4著 |
| 801 | 0 | @aCN@bPFT@c20060720 |
| 905 | @a10447@dI214.412@e454:2 | |
| 济北晁先生鸡肋集.二/济北晃著.-不详:不详,不详 |
| 198页;20cm |
| ISBN :不详 |
| ● |
| 相关链接 |
|
|
|
|
正题名:济北晁先生鸡肋集
索取号:I214.412/454:2
 
预约/预借
| 序号 | 登录号 | 条形码 | 馆藏地/架位号 | 状态 | 备注 |
| 1 | 0435073 | 204350736 | 密集书库/ [索取号:I214.412/454:2] | 在馆 |